[Event "8. Arber-Schachopen 2019"]
[Site "Bodenmais"]
[Date "2019.07.28"]
[Round "2.5"]
[White "Peng, Li Min"]
[Black "Titz, Heimo"]
[Result "1-0"]
[WhiteElo "2466"]
[BlackElo "2048"]
[Annotator "TA"]
[PlyCount "51"]
[EventDate "2019.07.27"]
[EventCountry "GER"]
[SourceTitle "playchess.com"]
[Source "ChessBase"]
[SourceQuality "1"]

{[%evp 11,101,31,35,28,33,20,58,26,47,22,37,25,66,63,81,70,172,179,179,169,153,161,156,104,103,114,104,104,107,87,95,98,118,97,162,152,173,172,186,186,532,532,526,525,525,525,508,522,524,520,6079,5543,5510,5302,5419,5161,6428,6428,5514,4739,6428,6087,5197,1071,29964,29963,29963,29964,29971,29972,29972,29972,29973,29974,29974,29975,29975,29976,29975,29977,29977,29978,29978,29979,29980,29981,29983,29984,29984,29985,29985,192]} 1. e4 c5 2. Nf3 e6 3. d4 cxd4 4. Nxd4 Nc6 5. Nc3 Qc7 6. Be3 Nf6 7. Qf3 {B48: Sicilian: Taimanov: 5 Nc3 Qc7 6 Be3 a6 without Be2} a6 8. O-O-O Be7 (8... Ne5 9. Qg3 b5 10. a3 Bb7 11. Bxb5 Rc8 12. Ba4 Nxe4 13. Nxe4 Bxe4 14. Bf4 Qa5 15. Bxe5 Qxa4 {1-0 (66) Vachier Lagrave,M (2778)-Harikrishna,P (2729) Germany 2019}) 9. Be2 {White is slightly better.} d6 10. Qg3 Bd7 11. f4 Nxd4 $146 ({Predecessor:} 11... O-O 12. Rhf1 Rac8 13. Kb1 b5 14. e5 b4 {1-0 (40) Szabo,G (2559)-Peptan,C (2397) Arad 2017}) 12. Bxd4 Bc6 13. e5 $36 {[%mdl 2048] Black is under pressure.} Ne4 (13... dxe5 $1 $14 14. Bxe5 Qa5) 14. Qxg7 $18 Rf8 15. Qxh7 Nxc3 16. Bxc3 ({Inferior is} 16. bxc3 Bxg2 17. Rhg1 Bd5 $11) 16... O-O-O 17. Bf3 (17. Qg7 $142) 17... Bxf3 $16 18. gxf3 Qc4 19. Kb1 Qxf4 20. exd6 Rxd6 21. Rxd6 Bxd6 22. Qh5 Rd8 (22... Rg8 $16 {was called for.}) 23. h4 Be7 24. a3 Rd5 25. Qg4 Rf5 $2 (25... Qxg4 {is more resistant.} 26. fxg4 e5) 26. h5 {Played: Qg4xf4} 1-0

[Event "8. Arber-Schachopen 2019"]
[Site "Bodenmais"]
[Date "2019.07.28"]
[Round "2.6"]
[White "Liebold, Aaron"]
[Black "Bensch, Patrick"]
[Result "1-0"]
[WhiteElo "1944"]
[BlackElo "2197"]
[Annotator "TA"]
[PlyCount "52"]
[EventDate "2019.07.27"]
[EventCountry "GER"]
[SourceTitle "playchess.com"]
[Source "ChessBase"]
[SourceQuality "1"]

{[%evp 14,52,76,67,83,72,82,64,77,61,88,73,80,35,38,-8,95,23,26,23,70,57,89,91,84,74,83,50,547,580,537,85,87,84,235,249,658,661,649,647,5585]} 1. e4 e5 2. Nf3 Nc6 3. Bc4 Bc5 4. c3 Nf6 5. d4 exd4 6. O-O d5 7. exd5 Nxd5 8. cxd4 Be7 {[#] C56: Two Knights: 4 d4 exd4 5 0-0 Nxe4} 9. Bxd5 $1 Qxd5 10. Nc3 Qd8 {White is slightly better.} 11. d5 Nb8 12. Re1 {Strongly threatening Bg5.} O-O 13. Qe2 $146 ({Predecessor:} 13. Bf4 Na6 14. Rc1 Bd7 15. Ne5 Bd6 16. Nxd7 Bxf4 17. Nxf8 Bxc1 18. Qxc1 Qxf8 {½-½ (28) Rezac,J (1806)-Merinsky,V (1565) Klatovy 2018}) 13... Bf6 14. Bf4 Bg4 (14... Bxc3 $1 $11 15. bxc3 Qxd5) 15. Qc4 ({Better is} 15. h3 $16 Bxf3 16. Qxf3) 15... Bxf3 $11 16. gxf3 Na6 17. Ne4 Rc8 18. Rad1 Be7 19. Qb5 $36 {[%mdl 2048] White has strong initiative.} f5 20. Ng3 g5 $2 {[%mdl 8192]} (20... Bb4 $14) 21. d6 $18 cxd6 22. Rxe7 $2 (22. Nxf5 $18 {and White stays clearly on top.} gxf4 23. Nxe7+ Kh8 24. Nxc8 Qxc8 25. Rxd6) 22... Qxe7 $16 23. Bxd6 Qf7 $2 (23... Nc7 $16 24. Qxb7 (24. Bxe7 Nxb5 25. Bxf8 Rxf8 $14) 24... Qd7) 24. Bxf8 $18 Rxf8 $2 (24... Nc7 25. Qxb7 Rxf8) 25. Rd7 {[%mdl 64] [#] Double Attack} Qe6 26. Qxb7 {Threatening mate with Rg7+.} Qe1+ {Accuracy: White = 58%, Black = 28%.} 1-0

[Event "8. Arber-Schachopen 2019"]
[Site "Bodenmais"]
[Date "2019.07.28"]
[Round "2.7"]
[White "Neiss, Josef Martin"]
[Black "Rotstein, Arkadij"]
[Result "0-1"]
[WhiteElo "2041"]
[BlackElo "2471"]
[Annotator "RC"]
[PlyCount "88"]
[EventDate "2019.07.27"]
[EventCountry "GER"]
[SourceTitle "playchess.com"]
[Source "ChessBase"]
[SourceQuality "1"]
[TimeControl "40/5400+30:1800+30"]

1. Nf3 {[%emt 0:03:55]} g6 {[%emt 0:00:02]} 2. e4 {[%emt 0:00:19]} Bg7 {[%emt 0:00:10]} 3. d4 {[%emt 0:00:19]} d6 {[%emt 0:00:13]} 4. Bc4 {[%emt 0:01:50]} e6 {[%emt 0:00:31]} 5. O-O {[%emt 0:00:53]} Ne7 {[%emt 0:00:12]} 6. c3 {[%emt 0:01:19]} Nd7 {[%emt 0:00:15]} 7. Re1 {[%emt 0:01:46]} a6 {[%emt 0:02:55]} 8. a4 {[%emt 0:02:48]} b6 {[%emt 0:01:23]} 9. Nbd2 {[%emt 0:04:21]} O-O {[%emt 0:03:14]} 10. Nf1 {[%emt 0:01:15]} Bb7 {[%emt 0:02:46]} 11. Ng3 {[%emt 0:00:51]} c5 {[%emt 0:00:43]} 12. Be3 {[%emt 0:05:28]} Nf6 {[%emt 0:07:39]} 13. e5 {[%emt 0:05:30]} dxe5 {[%emt 0:08:27]} 14. Nxe5 {[%emt 0:06:16]} Nfd5 {[%emt 0:02:50]} 15. Nd3 {[%emt 0:07:15]} Nxe3 {[%emt 0:08:26]} 16. fxe3 {[%emt 0:00:04]} cxd4 {[%emt 0:01:05]} 17. cxd4 {[%emt 0:02:36]} Bxd4 {[%emt 0:01:09]} 18. Qg4 {[%emt 0:07:46]} Bg7 {[%emt 0:01:13]} 19. Rad1 {[%emt 0:01:09]} Qe8 {[%emt 0:04:16]} 20. Nf4 {[%emt 0:05:36]} Nc6 {[%emt 0:05:04]} 21. Ngh5 {[%emt 0:02:02]} Bh8 {[%emt 0:05:40]} 22. Qg5 {[%emt 0:10:32]} Qe7 {[%emt 0:13:29]} 23. Qxe7 {[%emt 0:02:24]} Nxe7 {[%emt 0:00:02]} 24. Rd7 {[%emt 0:00:16]} Bd5 {[%emt 0:02:58]} 25. Nxd5 {[%emt 0:06:57]} Nxd5 {[%emt 0:06:17]} 26. Bxd5 {[%emt 0:01:40]} exd5 {[%emt 0:00:09]} 27. Nf4 {[%emt 0:00:07]} d4 {[%emt 0:01:00]} 28. exd4 {[%emt 0:06:06]} Rad8 {[%emt 0:00:23]} 29. Rxd8 {[%emt 0:01:54]} Rxd8 {[%emt 0:00:02]} 30. Ne2 {[%emt 0:00:52]} Bxd4+ {[%emt 0:00:11]} 31. Nxd4 {[%emt 0:00:09]} Rxd4 {[%emt 0:00:02]} 32. b3 {[%emt 0:03:05]} a5 {[%emt 0:00:47]} 33. Re3 {[%emt 0:00:29]} Kg7 {[%emt 0:05:21]} 34. Kf2 {[%emt 0:00:16]} Rd2+ {[%emt 0:00:09]} 35. Kf3 {[%emt 0:00:51]} Rb2 {[%emt 0:00:12]} 36. h3 h5 37. g3 {[%emt 0:02:46]} Kf6 {[%emt 0:01:22]} 38. h4 {[%emt 0:04:26]} Kf5 {[%emt 0:00:23]} 39. Rc3 f6 40. Re3 {[%emt 0:01:37]} g5 {[%emt 0:02:04]} 41. hxg5 {[%emt 0:31:20]} fxg5 {[%emt 0:30:02]} 42. Rd3 {[%emt 0:01:16]} g4+ {[%emt 0:00:49]} 43. Ke3 {[%emt 0:00:11]} Ke5 {[%emt 0:00:12]} 44. Rc3 {[%emt 0:00:00]} Rg2 {[%emt 0:00:00] Kd4+} 0-1

[Event "8. Arber-Schachopen 2019"]
[Site "Bodenmais"]
[Date "2019.07.28"]
[Round "2.8"]
[White "Hoffmann, Michael"]
[Black "Palmi, Herbert"]
[Result "1-0"]
[WhiteElo "2438"]
[BlackElo "2056"]
[Annotator "RC"]
[PlyCount "89"]
[EventDate "2019.07.27"]
[EventCountry "GER"]
[SourceTitle "playchess.com"]
[Source "ChessBase"]
[SourceQuality "1"]
[TimeControl "40/5400+30:1800+30"]

1. e4 {[%emt 0:00:00]} c6 {[%emt 0:00:33]} 2. d4 {[%emt 0:00:37]} d6 {[%emt 0:01:04]} 3. c4 {[%emt 0:04:29]} e5 {[%emt 0:00:34]} 4. Nc3 {[%emt 0:01:17]} Nf6 {[%emt 0:00:54]} 5. Nf3 {[%emt 0:01:27]} Qc7 {[%emt 0:00:20]} 6. g3 {[%emt 0:03:57]} Be7 {[%emt 0:00:17]} 7. Bg2 {[%emt 0:00:11]} Nbd7 {[%emt 0:00:13]} 8. O-O {[%emt 0:00:24]} Nf8 {[%emt 0:00:18]} 9. h3 {[%emt 0:08:08]} Ng6 {[%emt 0:00:19]} 10. Be3 {[%emt 0:00:41]} Bd7 {[%emt 0:05:39]} 11. c5 {[%emt 0:05:24]} dxc5 {[%emt 0:00:52]} 12. dxe5 {[%emt 0:01:52]} Nxe5 {[%emt 0:01:25]} 13. Nxe5 {[%emt 0:00:36]} Qxe5 {[%emt 0:00:05]} 14. f4 {[%emt 0:00:15]} Qh5 {[%emt 0:08:35]} 15. e5 {[%emt 0:13:47]} Qxd1 {[%emt 0:00:36]} 16. Raxd1 {[%emt 0:00:28]} Ng8 {[%emt 0:00:20]} 17. Ne4 {[%emt 0:01:00]} b6 {[%emt 0:00:27]} 18. f5 {[%emt 0:00:58]} O-O-O {[%emt 0:00:37]} 19. f6 {[%emt 0:04:55]} gxf6 {[%emt 0:01:07]} 20. exf6 {[%emt 0:00:08]} Bf8 {[%emt 0:00:17]} 21. Nd6+ {[%emt 0:06:38]} Bxd6 {[%emt 0:00:28]} 22. Rxd6 {[%emt 0:00:02]} Re8 {[%emt 0:04:31]} 23. Bg5 {[%emt 0:11:12]} h6 {[%emt 0:04:55]} 24. Bh4 {[%emt 0:06:13]} Re6 {[%emt 0:01:33]} 25. Rxe6 {[%emt 0:01:17]} Bxe6 {[%emt 0:00:09]} 26. g4 {[%emt 0:00:27]} h5 {[%emt 0:28:51]} 27. g5 {[%emt 0:01:26]} Kb7 {[%emt 0:00:36]} 28. a3 {[%emt 0:01:16]} a5 {[%emt 0:08:20]} 29. Rd1 {[%emt 0:01:23]} Nxf6 {[%emt 0:00:16]} 30. gxf6 {[%emt 0:00:08]} Rg8 {[%emt 0:00:24]} 31. Kf2 {[%emt 0:00:23]} b5 {[%emt 0:01:15]} 32. Rd6 {[%emt 0:01:41]} b4 {[%emt 0:01:07]} 33. Bxc6+ {[%emt 0:06:39]} Kc7 {[%emt 0:00:10]} 34. Rxe6 {[%emt 0:00:12]} fxe6 {[%emt 0:00:06]} 35. f7 {[%emt 0:00:07]} Rf8 {[%emt 0:00:18]} 36. Be8 {[%emt 0:00:02]} Kd6 {[%emt 0:00:12]} 37. Ke3 {[%emt 0:00:31]} c4 {[%emt 0:01:42]} 38. axb4 {[%emt 0:03:34]} axb4 {[%emt 0:00:16]} 39. Kd4 {[%emt 0:00:35]} c3 {[%emt 0:00:22]} 40. bxc3 {[%emt 0:00:07]} e5+ {[%emt 0:00:34]} 41. Kc4 {[%emt 0:30:13]} bxc3 {[%emt 0:30:06]} 42. Kxc3 {[%emt 0:00:11]} Ke6 {[%emt 0:00:14]} 43. Kd3 {[%emt 0:00:11]} Rxf7 {[%emt 0:02:05]} 44. Bxf7+ {[%emt 0:00:07]} Kxf7 {[%emt 0:00:05]} 45. Ke4 {[%emt 0:00:06]} 1-0

[Event "8. Arber-Schachopen 2019"]
[Site "Bodenmais"]
[Date "2019.07.28"]
[Round "2.9"]
[White "Kolb, Wolfgang"]
[Black "Bogdanov, Egor"]
[Result "0-1"]
[WhiteElo "2099"]
[BlackElo "2407"]
[Annotator "TA"]
[PlyCount "80"]
[EventDate "2019.07.27"]
[EventCountry "GER"]
[SourceTitle "playchess.com"]
[Source "ChessBase"]
[SourceQuality "1"]

{[%evp 19,80,23,35,30,39,36,69,61,85,63,78,37,39,46,47,21,45,18,33,18,19,-24,-9,-52,-5,-10,5,5,0,0,57,35,58,19,35,38,39,40,56,48,56,54,119,89,111,102,131,114,131,109,101,107,208,100,107,75,216,-449,-421,-370,-328,-29998,-29999]} 1. c4 Nf6 2. g3 g6 3. Nc3 Bg7 4. Bg2 O-O 5. e4 c5 6. Nge2 Nc6 7. d3 Ne8 8. Be3 Nd4 9. Rb1 d6 10. O-O Nc7 11. Qd2 {A36: Symmetrical English vs ...g6: 4 Bg2 Bg7} (11. b4 Nce6 12. bxc5 dxc5 13. f4 Nxe2+ 14. Nxe2 b6 15. e5 Rb8 16. g4 Bb7 17. Bxb7 Rxb7 18. f5 Nc7 {1-0 (58) Vachier Lagrave,M (2789)-Zhao,J (2604) Riadh 2017}) 11... Re8 $146 ({Predecessor:} 11... a5 12. Kh1 Rb8 13. f4 e6 14. g4 f5 15. gxf5 exf5 16. Ng3 Bd7 17. Nce2 Nxe2 18. Qxe2 {1-0 (51) Maze,S (2594)-Housieaux,D (2452) Bois Colombes 2012}) 12. Bh6 Bh8 13. Nxd4 {White is slightly better.} Bxd4 14. Be3 Bg7 15. d4 b6 16. b3 Rb8 17. dxc5 bxc5 18. Rbd1 Ne6 19. Ne2 a5 20. Nc3 Nd4 21. Bxd4 Bxd4 22. Nb5 Bg7 23. a4 Bd7 24. f4 Bxb5 (24... Qb6 $11) 25. cxb5 Qc7 26. Qd5 Rbd8 27. Qc4 e6 28. Kh1 f5 29. Rc1 fxe4 30. Qxe4 Kh8 (30... d5 $14 31. Qe3 Rc8) 31. Rfe1 Qf7 32. Qc6 h5 33. Qa6 h4 34. Bc6 ({Much less strong is} 34. Qxa5 $6 hxg3 35. Re3 (35. hxg3 Qf5 $11) 35... Qxf4 $14) 34... Rf8 35. Qxa5 e5 (35... hxg3 $16 36. hxg3 Bd4) 36. Rf1 ({Don't play} 36. gxh4 $6 exf4 37. Qd2 f3 $16) (36. Qd2 $18 {is more deadly.}) 36... Qxb3 $16 37. fxe5 h3 {[#]} (37... dxe5 $16 38. Rxf8+ (38. gxh4 Rxf1+ 39. Rxf1 Rd1 $11) 38... Rxf8) 38. exd6 $4 {[%mdl 8192]} (38. Qd2 $1 $18 {is the narrow road to win.}) 38... Rxd6 $19 {...Rxf1+ is the strong threat.} 39. Rxf8+ Bxf8 40. Qa8 $2 {[#]} (40. Qe1 $19 Rxc6 41. Qf1 Qd5+ 42. Kg1) 40... Qd1+ $1 {[%mdl 576] Back Rank. Accuracy: White = 44%, Black = 28%.} 0-1

[Event "8. Arber-Schachopen 2019"]
[Site "Bodenmais"]
[Date "2019.07.28"]
[Round "2.10"]
[White "Sergeev, Vladimir"]
[Black "Beulertz, Stefan"]
[Result "1-0"]
[WhiteElo "2415"]
[BlackElo "2033"]
[Annotator "TA"]
[PlyCount "83"]
[EventDate "2019.07.27"]
[EventCountry "GER"]
[SourceTitle "playchess.com"]
[Source "ChessBase"]
[SourceQuality "1"]

{[%evp 17,83,-15,18,-1,29,17,91,95,100,85,134,131,132,102,141,149,151,107,208,192,235,232,227,232,234,239,334,317,276,250,227,141,531,386,545,531,613,618,566,535,543,491,537,522,488,391,387,368,1593,337,368,360,350,335,330,321,423,399,454,446,695,689,679,679,1144,1058,1286,1184]} 1. g3 c5 2. Bg2 Nc6 3. e4 g6 4. d3 Bg7 5. Nc3 e5 6. Nh3 Nge7 7. O-O d6 8. f4 Nd4 9. Be3 O-O 10. g4 {B25: Closed Sicilian: 3 g3, lines without early Be3} (10. Qd2 Bd7 11. Nd1 Qc8 12. Ndf2 Ndc6 13. c3 b5 14. fxe5 Nxe5 15. Bh6 N7c6 16. Bxg7 Kxg7 17. Nf4 Qd8 18. Rad1 {1-0 (33) Carlsen,M (2877)-Wojtaszek,R (2735) Tromsoe 2014}) 10... f6 11. f5 g5 (11... Kh8 $11) 12. Nf2 $16 {White is better.} Bd7 13. Nd5 $146 ({Predecessor:} 13. Qd2 b5 14. Nd5 b4 15. c3 bxc3 16. bxc3 Ndc6 17. Nh1 h6 18. Ng3 Rb8 {1-0 (56) Ladanyike Karakas,E-Kowalska,E (1975) Naleczow 1979}) 13... Be8 14. c3 Ndc6 15. a3 Bf7 16. b4 b6 17. Qd2 h6 {[#]} (17... Rc8 $16 {was worth a try.}) 18. h4 $1 $18 Nxd5 19. exd5 Nb8 20. Ne4 Be8 21. Rf2 Qe7 22. hxg5 fxg5 23. bxc5 bxc5 24. Rb1 Ba4 $2 {[%mdl 8192]} (24... Nd7 $16 {is more resistant.} 25. Rb7 Rf7) 25. c4 Nd7 (25... Be8 $142 26. Qa5 Rf7 27. Bxc5 dxc5) 26. Qa5 Nb6 {[#]} 27. f6 $1 {[%mdl 512]} Bxf6 28. Nxf6+ Rxf6 29. Rxf6 Qxf6 30. Rxb6 $1 {[%mdl 64] Pin} Bd1 {Now ...Qd8 and Black clings on.} 31. Bxc5 Qd8 32. Ra6 dxc5 $2 (32... Qxa5 33. Rxa5 dxc5 34. Rxc5 Bxg4) 33. Qxd8+ $2 (33. Rg6+ Kf7 34. Qa6) 33... Rxd8 34. Rxh6 Bxg4 {[%mdl 4096] Endgame KRB-KRB} 35. Be4 Kf7 36. Ra6 Rd7 37. Rc6 Rb7 38. Rxc5 {White is clearly winning.} Rb2 (38... Bd7 $142 39. Ra5 Bc8) 39. Rc7+ Kf6 40. Rxa7 Bh3 41. Ra6+ Ke7 42. Rh6 {Accuracy: White = 79%, Black = 17%.} 1-0

[Event "8. Arber-Schachopen 2019"]
[Site "Bodenmais"]
[Date "2019.07.28"]
[Round "2.11"]
[White "Schleich, Theodor"]
[Black "Poetz, Florian"]
[Result "0-1"]
[WhiteElo "2000"]
[BlackElo "2389"]
[Annotator "TA"]
[PlyCount "74"]
[EventDate "2019.07.27"]
[EventCountry "GER"]
[SourceTitle "playchess.com"]
[Source "ChessBase"]
[SourceQuality "1"]

{[%evp 11,82,44,47,58,49,11,35,29,24,-8,-6,-38,-39,-89,-80,-75,-82,-96,-91,-147,-123,-133,-126,-149,-140,-156,-150,-157,-141,-137,-37,-32,-35,-34,-39,-69,-62,-99,-77,-93,-86,-87,-82,-122,-118,-129,-134,-116,-127,-147,-135,-422,-422,-496,-486,-463,-461,-724,-707,-614,-483,-621,-616,-593,-539,-1065,-1063,-1105,-1086,-5265,-1042,-928,-857]} 1. d4 c5 2. d5 f5 3. c4 g6 4. Nc3 Bg7 5. e4 Bxc3+ 6. bxc3 fxe4 7. Qc2 {A40: Unusual replies to 1 d4} (7. f3 Nf6 8. Bh6 Qa5 9. Qc2 d6 10. fxe4 Bd7 11. Nf3 Ba4 12. Qb2 Nbd7 13. Bd3 Ng4 14. Bf4 O-O 15. Bg3 {½-½ (84) Bartel,M (2638)-Harikrishna,P (2709) Germany 2013}) 7... d6 $146 ({Predecessor:} 7... Nf6 8. f3 e3 9. Bxe3 d6 10. Ne2 Nbd7 11. Ng3 Qa5 12. Bd2 Ne5 13. f4 Nf7 14. Bd3 Bd7 15. O-O O-O-O 16. Rfe1 Rde8 17. Re2 Bg4 18. Re3 Kb8 19. h3 Bc8 20. Ne4 {½-½ (20) Schmidt,T (2572)-Mohrlok,D (2523) ICCF email 2008}) 8. Ne2 Nf6 9. Ng3 {White is slightly better.} Qa5 10. Bd2 Bf5 {[#] Threatens to win with ...e3!} 11. Nxf5 gxf5 12. f3 Nbd7 13. fxe4 fxe4 14. Be2 O-O-O 15. O-O-O ({White should play} 15. Rb1) 15... Rhg8 16. Rhg1 h5 17. Rdf1 Rg7 18. Kb2 Rdg8 19. g3 Nb6 20. Rf4 Qa4 (20... Qa6 $17 {And now ...Nbxd5! would win.} 21. Rxf6 {[%mdl 64] Remove Defender} exf6 22. Qxe4 Qa4) 21. Qxa4 $15 Nxa4+ 22. Kb3 Nb6 23. Bf1 Kd8 $36 {[%mdl 2048] Black has good play.} 24. Bg2 Ng4 25. Bxe4 Nxh2 26. Rh1 Ng4 27. Rxh5 Ne5 28. Rfh4 Nbxc4 ({Much less strong is} 28... Nexc4 29. Bf4 $15) 29. Bf4 b5 30. Bf5 Ng6 31. Rg4 $2 {[%mdl 8192]} (31. Bxg6 $17 Rxg6 32. a4) 31... Nxf4 $19 {Black is clearly winning.} 32. Rxg7 Rxg7 33. gxf4 {[%mdl 4096] Endgame KRB-KRN} Rg2 {[%csl Gc4][%cal Rg2b2]} 34. Rh8+ (34. Bc2 $142 a5 35. a4) 34... Kc7 {[%csl Gc4][%cal Rg2b2]} 35. Bc2 Nb6 36. Be4 Re2 37. Bf3 Rf2 {Played: Re2-e3} 0-1

[Event "8. Arber-Schachopen 2019"]
[Site "Bodenmais"]
[Date "2019.07.28"]
[Round "2.12"]
[White "Hopman, Pieter"]
[Black "Glaser, Max"]
[Result "1-0"]
[WhiteElo "2347"]
[BlackElo "1949"]
[Annotator "TA"]
[PlyCount "39"]
[EventDate "2019.07.27"]
[EventCountry "GER"]
[SourceTitle "playchess.com"]
[Source "ChessBase"]
[SourceQuality "1"]

{[%evp 14,41,11,10,21,27,35,12,36,28,31,-28,325,324,317,335,323,306,361,347,633,629,587,519,600,607,1218,1189,1351,909]} 1. e4 e5 2. Nf3 Nf6 3. Nxe5 d6 4. Nf3 Nxe4 5. Nc3 Nxc3 6. dxc3 Nc6 7. Bf4 Be7 8. Qd2 O-O {C42: Petroff Defence: 3 Nxe5 and unusual White 3rd moves} 9. O-O-O Bf5 10. Rg1 Bf6 $146 {The position is equal.} ({Predecessor:} 10... Qd7 11. h3 Rae8 12. Kb1 Bf6 13. g4 Be4 14. Rg3 Bxf3 15. Rxf3 Ne5 16. Re3 {1-0 (56) Harikrishna,P (2645)-Carlsen,M (2528) Lausanne 2005}) 11. g4 Be4 12. Ng5 ({White should play} 12. Be2 $14) 12... Ne5 $2 {[%mdl 8192] [#]} (12... Bxg5 $1 $11 {and Black has nothing to worry.} 13. Bxg5 Qd7) 13. Nxe4 $18 Nf3 14. Qe3 ({Weaker is} 14. Nxf6+ Qxf6 15. Qe3 (15. g5 Qe6 $15) 15... Nxg1 $15) 14... Nxg1 15. Bd3 Re8 16. Rxg1 Bxc3 $2 (16... Be5 17. Bxe5 Rxe5) 17. Qh3 {White is clearly winning.} Be5 18. Bxe5 dxe5 19. g5 h6 {[#]} 20. gxh6 {Played: Ne4-f6} 1-0

[Event "8. Arber-Schachopen 2019"]
[Site "Bodenmais"]
[Date "2019.07.28"]
[Round "2.13"]
[White "Van der Meiden, Dirk"]
[Black "Hausner, Ivan"]
[Result "0-1"]
[WhiteElo "1992"]
[BlackElo "2370"]
[Annotator "TA"]
[PlyCount "106"]
[EventDate "2019.07.27"]
[EventCountry "GER"]
[SourceTitle "playchess.com"]
[Source "ChessBase"]
[SourceQuality "1"]

{[%evp 18,106,14,5,29,21,14,14,25,-9,0,0,0,-16,-9,-37,-37,-45,-41,-39,-38,-36,-39,-94,-44,-44,-36,-104,-86,-83,-91,-132,-130,-162,-151,-155,-141,-158,-137,-143,-138,-133,-131,-128,-118,-132,-136,-131,-130,-130,-130,-130,-130,-186,-135,-138,-133,-135,-100,-132,-117,-132,-110,-112,-99,-133,-135,-166,-160,-210,-202,-233,-203,-188,-196,-194,-167,-226,-190,-181,-146,-168,-150,-304,-202,-163,-185,-389,-301,-4774,-1942]} 1. e4 c5 2. Nf3 Nf6 3. e5 Nd5 4. c3 d6 5. d4 cxd4 6. Bc4 e6 7. cxd4 Nc6 8. O-O Be7 9. Qe2 O-O 10. Rd1 a6 {B22: Sicilian: 2 c3} (10... Nb6 11. Bb3 Bd7 12. Nc3 d5 13. Bc2 Rc8 14. h4 Bxh4 15. Qd3 g6 16. Qe3 f5 17. Qh6 Be7 18. Ng5 Bxg5 19. Bxg5 {1-0 (63) Andreikin,D (2710)-Dubov,D (2691) Satka 2018}) 11. Nc3 Nxc3 12. bxc3 dxe5 {The position is equal.} 13. Nxe5 $146 ({Predecessor:} 13. dxe5 Qc7 14. Bd3 g6 15. h4 Bd7 16. h5 Rfd8 17. Bf4 Be8 18. Nd2 Bf8 19. Bg3 Bg7 20. f4 Ne7 21. hxg6 hxg6 {0-1 (48) Stevic,H (2514)-Kozul,Z (2591) Djakovo 2005}) 13... Nxe5 14. Qxe5 Bd7 15. Bd3 Bc6 16. Qh5 {[%csl Gd3][%cal Rh5h7]} g6 17. Qe2 Qd5 {[%csl Gc6][%cal Rd5g2]} 18. f3 Rac8 19. a4 Qd7 20. Bh6 (20. Qa2 $15) 20... Rfd8 21. Qe5 {[%csl Gh6][%cal Re5g7]} Bf8 22. Bg5 (22. Bxf8 $15 Rxf8 23. a5) 22... Re8 23. Bc2 Bd5 24. Bd2 Bg7 25. Qe3 e5 26. dxe5 Bxe5 27. Qf2 Qe6 ({Wrong is} 27... Bxc3 $2 28. Bxc3 Rxc3 29. Be4 $1 $18 {[%mdl 512]}) 28. Re1 Qf6 29. Rad1 Red8 30. h4 {Hoping for Bg5.} Bxc3 31. Bxc3 Qxc3 32. Be4 Bxe4 33. Rxd8+ Rxd8 34. Rxe4 $17 {[%mdl 4096] Endgame KQR-KQR} Kg7 35. Qg3 (35. Kh2 $17 {is a better defense.}) 35... h5 (35... Qc5+ $19 36. Kh2 Rd4 37. Rxd4 Qxd4) 36. Qf4 Qc5+ 37. Kh2 Qd6 38. Kg3 Qxf4+ 39. Kxf4 {KR-KR} Rd5 40. g3 Kf6 41. Rc4 Ke6 42. Ke4 Kd6 43. Rc8 {[#] Black must now prevent Rd8+.} Ra5 $1 44. Rc4 Rc5 45. Rb4 Kc6 46. Kd3 Rf5 47. Ke4 (47. Rc4+ $142 Kd6 48. Ke4) 47... b6 48. g4 Rc5 49. Kd3 Rd5+ 50. Ke4 $2 (50. Ke3 $17 {was necessary.}) 50... b5 51. axb5+ axb5 52. Ke3 $2 {[#]} (52. Rb1) 52... Kc5 $1 $19 {[%cal Rc5b4]} 53. Rf4 $2 (53. Rb2) 53... f5 {Accuracy: White = 36%, Black = 69%.} 0-1

[Event "8. Arber-Schachopen 2019"]
[Site "Bodenmais"]
[Date "2019.07.28"]
[Round "2.14"]
[White "Schleining, Zoya"]
[Black "Brandsma, Romayn"]
[Result "1-0"]
[WhiteElo "2339"]
[BlackElo "1957"]
[Annotator "TA"]
[PlyCount "51"]
[EventDate "2019.07.27"]
[EventCountry "GER"]
[SourceTitle "playchess.com"]
[Source "ChessBase"]
[SourceQuality "1"]

{[%evp 18,55,23,20,44,42,157,157,154,155,379,376,387,386,378,374,375,377,370,383,403,372,389,403,479,395,510,484,486,497,531,518,781,791,734,767,1450,1420,1183,1026]} 1. d4 Nf6 2. Nf3 e6 3. c4 b6 4. g3 Ba6 5. b3 Bb4+ 6. Bd2 Be7 7. Nc3 {[%cal Bb1c3,Bc3e4,Be4g5,Bg5e6,Be6c7][%mdl 32]} d5 8. cxd5 exd5 9. Bg2 O-O 10. O-O Ne4 {E15: Queen's Indian: 4 g3 sidelines, 4 g3 Ba6 and 4 g3 Bb7 early deviations} (10... Re8 11. Rc1 Bb7 12. Bf4 c5 13. Ne5 Bf8 14. e3 Na6 15. h4 Nc7 16. g4 Ne6 17. Bg3 cxd4 18. exd4 Rc8 {½-½ (31) Fridman,D (2633)-Le,Q (2714) St Petersburg 2018}) 11. Ne5 f6 (11... Nxc3 $14 12. Bxc3 Bb7) 12. Nxe4 $146 {Threatens to win with Nc3.} ({Predecessor:} 12. Nd3 Bxd3 13. exd3 Nxc3 14. Bxc3 c6 15. Qe2 Qd7 16. Rfe1 Bd6 17. b4 Na6 18. b5 {1-0 (47) Frisk Kockum,A-Sagit,R (2174) Gothenburg 2005}) 12... fxe5 {[#]White is clearly better.} 13. Ng5 $1 {[%cal Rg5e6][%mdl 512] Ne6 is the strong threat.} Rf5 $2 (13... Nc6 $16 {keeps fighting.}) (13... Bxg5 14. Bxg5) 14. Ne6 $18 Qd7 {[#]} 15. Nxc7 $1 {[%mdl 576] Deflection} Qxc7 16. Bxd5+ {[%mdl 64] Double Attack} Kh8 {Black wants to play ...Bb7.} 17. Bxa8 exd4 18. Rc1 Qe5 19. f4 Qe6 20. Bf3 h5 21. Qc2 d3 22. exd3 {White is clearly winning.} Bc5+ 23. Kg2 Nc6 {If only Black now had time for ...Nd4....} 24. Rfe1 Qd6 (24... Qd7 $142 25. Bc3 Nb4) 25. Re8+ Kh7 26. Bc3 {Played: Bf3-e4} 1-0